书目信息 |
| 题名: |
新刑法释义
|
|
| 作者: | 严军兴 , 肖胜喜 主编 | |
| 分册: | ||
| 出版信息: | 北京 中共中央党校出版社 1997.04 |
|
| 页数: | 534页 | |
| 开本: | 21cm | |
| 丛书名: | ||
| 单 册: | ||
| 中图分类: | D924.05 | |
| 科图分类: | ||
| 主题词: | 中华人民共和国刑法--法律解释--中国 | |
| 电子资源: | ||
| ISBN: | 7-5035-1572-4 | |
| 000 | 00685nam0 2200217 450 | |
| 001 | 1135551530 | |
| 005 | 20111227095454.78 | |
| 010 | @a7-5035-1572-4@dCNY28.00 | |
| 100 | @a20111227d1997 km y0chiy0120 ea | |
| 101 | 0 | @achi |
| 102 | @aCN@b110000 | |
| 105 | @ay z 000yy | |
| 200 | 1 | @a新刑法释义@Axin xing fa shi yi@f严军兴,肖胜喜主编@Fyan jun xing,xiao sheng xi zhu bian |
| 210 | @a北京@c中共中央党校出版社@d1997.04 | |
| 215 | @a534页@d21cm | |
| 606 | 0 | @a中华人民共和国刑法@x法律解释@y中国 |
| 690 | @aD924.05@v4 | |
| 701 | 0 | @a严军兴@Ayan jun xing@4主编 |
| 701 | 0 | @a肖胜喜@Axiao sheng xi@4主编 |
| 801 | 0 | @aCN@bZZRC@c20111227 |
| 905 | @a郑州市财税学校图书馆@dD924.05@eY050@f3 | |
| 新刑法释义/严军兴,肖胜喜主编.-北京:中共中央党校出版社,1997.04 |
| 534页;21cm |
| ISBN 7-5035-1572-4:CNY28.00 |
| ● |
| 相关链接 |
|
|
|
正题名:新刑法释义
索取号:D924.05/Y050
 
预约/预借
| 序号 | 登录号 | 条形码 | 馆藏地/架位号 | 状态 | 备注 |
| 1 | 1181293 | 211812939 | 社科库509/509社科库 97排2列4层/ [索取号:D924.05/Y050] | 在馆 | |
| 2 | 1181294 | 211812948 | 社科库509/509社科库 97排2列4层/ [索取号:D924.05/Y050] | 在馆 | |
| 3 | 1181295 | 211812957 | 社科库509/509社科库 97排2列4层/ [索取号:D924.05/Y050] | 在馆 |